| 000 | 01695cam a2200253 4500500 | ||
|---|---|---|---|
| 005 | 20260208004952.0 | ||
| 041 | _afre | ||
| 042 | _adc | ||
| 100 | 1 | 0 |
_aScott-Smith, Giles _eauthor |
| 245 | 0 | 0 | _aThe US State Department's Foreign Leader Program in France During the Early Cold War |
| 260 | _c2006. | ||
| 500 | _a67 | ||
| 520 | _aRésuméRégi par la loi Smith-Mundt de 1948 sur les échanges culturels américains à l’étranger, le Foreign Leader Program a permis aux services culturels des ambassades américaines à partir de 1950 d’organiser pour les élites étrangères des séjours aux États-Unis sous l’égide du département d’État. Bien que le programme fût envisagé à l’échelle mondiale, l’Europe occidentale, et notamment la France, en furent les principaux bénéficiaires, les objectifs ouvertement politiques du programme visant à promouvoir l’Alliance atlantique et le leadership des États-Unis en Occident. Le FLP connut un grand succès surtout dans les milieux journalistique et universitaire où, associé au programme Fulbright, il contribua à la mise en place des Etudes américaines dans l’enseignement supérieur français. | ||
| 690 | _adiplomatie culturelle | ||
| 690 | _aétudes américaines | ||
| 690 | _aForeign Leader Program | ||
| 690 | _aprogrammes d'échange | ||
| 690 | _aamerican studies | ||
| 690 | _acultural exchange | ||
| 690 | _aForeign Leader Program | ||
| 690 | _apublic diplomacy | ||
| 786 | 0 | _nRevue française d’études américaines | 107 | 1 | 2006-07-01 | p. 47-60 | 0397-7870 | |
| 856 | 4 | 1 | _uhttps://shs.cairn.info/revue-francaise-d-etudes-americaines-2006-1-page-47?lang=en&redirect-ssocas=7080 |
| 999 |
_c1649980 _d1649980 |
||